000 00378pab a2200145 454500
008 180718b1998 xxu||||| |||| 00| 0 eng d
100 _aCarr, Adrian
245 _aIdentity, compliance and dissent in organizations: a psychoanalytic perspective
260 _c1998
300 _ap.81-99
362 _aFeb
650 _aOrganizations
773 _aOrganization
909 _a37330
999 _c37330
_d37330